[Event "USCL Miami vs Carolina"]
[Site "Internet Chess Club"]
[Date "2009.09.28"]
[Round "5"]
[White "Mabe, Chris"]
[Black "Rodriguez, Eric"]
[Result "0-1"]
[WhiteElo "2265"]
[BlackElo "2290"]
[PlyCount "40"]
[EventDate "2009.??.??"]

1. c4 Nf6 2. Nf3 c5 3. Nc3 Nc6 4. g3 g6 5. Bg2 Bg7 6. d4 cxd4 7. Nxd4 O-O 8.
O-O Ng4 9. e3 d6 10. Nxc6 bxc6 11. Bxc6 Rb8 12. Bg2 Ne5 13. Qe2 Ba6 14. Rd1
Nxc4 15. Qc2 e6 16. a3 Qa5 17. Bf1 Rfc8 18. Ra2 Bb7 19. Qa4 Bxc3 20. Qxa5 Bxa5
0-1

[Event "USCL Baltimore vs Boston"]
[Site "Internet Chess Club"]
[Date "2009.09.28"]
[Round "5"]
[White "Krasik, Ilya"]
[Black "Harris, Ian"]
[Result "1-0"]
[WhiteElo "2252"]
[BlackElo "2172"]
[PlyCount "59"]
[EventDate "2009.??.??"]

1. d4 f5 2. Nc3 Nf6 3. Bg5 d5 4. Bxf6 exf6 5. e3 c6 6. Bd3 Bd6 7. Qf3 g6 8.
Nge2 Qc7 9. h3 h5 10. g4 Qh7 11. O-O-O h4 12. Rhg1 Kf7 13. gxf5 gxf5 14. Nf4
Bxf4 15. Qxf4 Be6 16. Qc7+ Kf8 17. Qd6+ Qe7 18. Qxe7+ Kxe7 19. Rg7+ Kd6 20. Ne2
Nd7 21. Rdg1 b6 22. Nf4 Rad8 23. Ng6 Rh5 24. Nf4 Rhh8 25. Kd2 Rh6 26. b3 c5 27.
Bb5 a5 28. Ke2 Rhh8 29. Kf3 Rb8 30. Nxe6 1-0

[Event "USCL Miami vs Carolina"]
[Site "Internet Chess Club"]
[Date "2009.09.28"]
[Round "5"]
[White "Becerra, Julio"]
[Black "Schroer, Jonathan"]
[Result "1/2-1/2"]
[WhiteElo "2615"]
[BlackElo "2429"]
[PlyCount "64"]
[EventDate "2009.??.??"]

1. e4 e5 2. Nf3 Nc6 3. Bb5 a6 4. Ba4 Nf6 5. O-O Be7 6. Re1 b5 7. Bb3 O-O 8. d4
Nxd4 9. Nxd4 exd4 10. e5 Ne8 11. c3 dxc3 12. Nxc3 d6 13. Bd5 Rb8 14. Be3 Bb7
15. Ba7 Ra8 16. Bxb7 Rxa7 17. Bc6 dxe5 18. Rxe5 Qd6 19. Rxe7 Qxc6 20. Qd5 Qb6
21. Ne4 Nf6 22. Qc5 Qxc5 23. Nxc5 Rd8 24. h3 a5 25. a4 bxa4 26. Rxa4 Nd5 27.
Rd4 Raa8 28. Re1 c6 29. Rc1 Nb4 30. Rxd8+ Rxd8 31. Nb7 Rd2 32. Nxa5 Rxb2
1/2-1/2

[Event "USCL Miami vs Carolina"]
[Site "Internet Chess Club"]
[Date "2009.09.28"]
[Round "5"]
[White "Zaikov, Oleg"]
[Black "Lugo, Blas"]
[Result "0-1"]
[WhiteElo "2388"]
[BlackElo "2351"]
[PlyCount "54"]
[EventDate "2009.??.??"]

1. d4 d5 2. c4 c6 3. Nf3 Nf6 4. Nc3 e6 5. Bg5 dxc4 6. e4 b5 7. e5 h6 8. Bh4 g5
9. exf6 gxh4 10. Ne5 Qxf6 11. a4 Bb7 12. axb5 Bd6 13. Nxc4 Bb4 14. Qb3 Qe7 15.
Na5 Bxa5 16. Rxa5 Nd7 17. Be2 c5 18. d5 Nb6 19. dxe6 Bxg2 20. Rg1 h3 21. Na4
Qxe6 22. Qc3 O-O 23. Nxc5 Qf5 24. Ra1 Rfe8 25. Rd1 Nd5 26. Qg3+ Kh8 27. Qd3 Nf4
0-1

[Event "USCL Miami vs Carolina"]
[Site "Internet Chess Club"]
[Date "2009.09.28"]
[Round "5"]
[White "Moreno Roman, Alejandro"]
[Black "Klein, Mike"]
[Result "0-1"]
[WhiteElo "2331"]
[BlackElo "2304"]
[PlyCount "70"]
[EventDate "2009.??.??"]

1. Nf3 g6 2. g3 Bg7 3. Bg2 d6 4. O-O Nf6 5. c4 O-O 6. Nc3 e5 7. d3 Nh5 8. Rb1
f5 9. Bd2 Nd7 10. b4 Kh8 11. b5 Nc5 12. Na4 Ne6 13. Bc3 Qe7 14. e3 Rb8 15. d4
e4 16. Nd2 b6 17. Nb3 Bd7 18. Bb4 f4 19. exf4 Nexf4 20. gxf4 Nxf4 21. Bd2 Nxg2
22. Kxg2 Qh4 23. f4 exf3+ 24. Rxf3 Bg4 25. Rxf8+ Rxf8 26. Qe1 Bf3+ 27. Kg1 Qg4+
28. Qg3 Bxd4+ 29. Nxd4 Qxd4+ 30. Qf2 Qxf2+ 31. Kxf2 Be4+ 32. Ke3 Bxb1 33. Nc3
Bf5 34. Nd5 Rf7 35. Bc3+ Kg8 0-1

[Event "USCL Baltimore vs Boston"]
[Site "Internet Chess Club"]
[Date "2009.09.28"]
[Round "5"]
[White "Uesugi, Shinsaku"]
[Black "Esserman, Marc"]
[Result "1/2-1/2"]
[WhiteElo "2354"]
[BlackElo "2461"]
[PlyCount "116"]
[EventDate "2009.??.??"]

1. Nf3 Nf6 2. g3 g6 3. Bg2 Bg7 4. O-O O-O 5. c4 d6 6. d4 Nc6 7. d5 Na5 8. Nfd2
c6 9. Nc3 cxd5 10. cxd5 Bd7 11. Nb3 Nc4 12. Nd2 Rc8 13. Nxc4 Rxc4 14. Qb3 Qc7
15. Be3 Rc8 16. Rfc1 b5 17. h3 Qb7 18. a4 b4 19. Na2 Rxc1+ 20. Rxc1 a5 21. Kh2
Rxc1 22. Nxc1 Qc8 23. Nd3 Bf5 24. Qd1 Be4 25. Bxe4 Nxe4 26. Qc1 Qxc1 27. Bxc1
Nf6 28. Nf4 Nd7 29. Nd3 Nb6 30. b3 Nxd5 31. e4 Nc3 32. Be3 Nxe4 33. Bb6 Nd2 34.
Bxa5 Nxb3 35. Bxb4 Bd4 36. Kg2 Kf8 37. Kf3 Ke8 38. Ke4 Ba7 39. Kd5 Kd7 40. Kc4
Nd4 41. f4 Kc6 42. Bc3 Ne2 43. Nb4+ Kb7 44. Be1 e6 45. a5 Ng1 46. a6+ Kc7 47.
Kb5 Nf3 48. Bc3 Bd4 49. Kc4 Bxc3 50. Kxc3 Ng1 51. a7 Kb7 52. Nc6 Ne2+ 53. Kd3
Nxg3 54. Nd8+ Kxa7 55. Nxf7 Nf5 56. Ng5 Kb6 57. Nxh7 Kc6 58. Nf8 Kd5 1/2-1/2

[Event "USCL Philadelphia vs Queens"]
[Site "Internet Chess Club"]
[Date "2009.09.30"]
[Round "5"]
[White "Vovsha, Eli"]
[Black "Smith, Bryan"]
[Result "0-1"]
[WhiteElo "2539"]
[BlackElo "2528"]
[PlyCount "56"]
[EventDate "2009.??.??"]

1. e4 c5 2. Nf3 d6 3. d4 cxd4 4. Nxd4 Nf6 5. Nc3 g6 6. Be3 Bg7 7. f3 Nc6 8. Qd2
O-O 9. Bc4 Bd7 10. O-O-O Rc8 11. Bb3 Ne5 12. Kb1 Nc4 13. Bxc4 Rxc4 14. g4 b5
15. b3 b4 16. Nce2 Rc7 17. g5 Ne8 18. Nc1 Rc3 19. a4 Qa5 20. Nde2 Nc7 21. Nxc3
bxc3 22. Qe1 Bxa4 23. Bd4 Nb5 24. Bxg7 Kxg7 25. Rd5 Na3+ 26. Ka2 Bb5 27. b4
Qxb4 28. Rxb5 Nxb5 0-1

[Event "USCL New Jersey vs Chicago"]
[Site "Internet Chess Club"]
[Date "2009.09.30"]
[Round "5"]
[White "Kapengut, Albert"]
[Black "Pasalic, Mehmed"]
[Result "1-0"]
[WhiteElo "2379"]
[BlackElo "2346"]
[PlyCount "73"]
[EventDate "2009.??.??"]

1. e4 c5 2. Nf3 d6 3. d4 cxd4 4. Nxd4 Nf6 5. Nc3 Nc6 6. Be3 Ng4 7. Bb5 Nxe3 8.
fxe3 Bd7 9. O-O e6 10. Bxc6 bxc6 11. Qf3 Qf6 12. Qe2 Qd8 13. e5 d5 14. Qf3 Qe7
15. b4 g6 16. b5 c5 17. e4 Bg7 18. exd5 O-O 19. Nc6 Bxc6 20. dxc6 Bxe5 21. Rae1
Bd4+ 22. Kh1 Rab8 23. a4 f5 24. Nd5 Qf7 25. Ne3 e5 26. Qd5 Rbd8 27. Qxf7+ Kxf7
28. a5 Ke6 29. c7 Rc8 30. b6 axb6 31. axb6 c4 32. Nxc4 Kd5 33. c3 Bxc3 34. Rc1
Kxc4 35. Rf3 Kb5 36. Rfxc3 Ka6 37. b7 1-0

[Event "USCL Philadelphia vs Queens"]
[Site "Internet Chess Club"]
[Date "2009.09.30"]
[Round "5"]
[White "Bartell, Tom"]
[Black "Zaremba, Andrei"]
[Result "0-1"]
[WhiteElo "2411"]
[BlackElo "2398"]
[PlyCount "84"]
[EventDate "2009.??.??"]

1. Nf3 d5 2. d4 Nf6 3. c4 c6 4. e3 Bf5 5. Nc3 e6 6. Nh4 Bg6 7. Nxg6 hxg6 8. g3
Nbd7 9. Bg2 Bd6 10. O-O O-O 11. Qe2 Qe7 12. Bd2 Rac8 13. c5 Bc7 14. f4 Ba5 15.
Nb1 Bc7 16. Qd3 b6 17. b4 a5 18. a3 Ra8 19. Nc3 b5 20. Nxb5 cxb5 21. Qxb5 Ne4
22. Bxe4 dxe4 23. Qc6 Nf6 24. b5 Rac8 25. b6 Bxf4 26. Qb5 Bb8 27. Bxa5 Ng4 28.
Qe2 Qg5 29. Bd2 e5 30. d5 Rxc5 31. Bb4 Bd6 32. Bxc5 Bxc5 33. Rab1 Nxe3 34. Rfc1
Nc2+ 35. Kh1 Nxa3 36. Ra1 Bxb6 37. Rc6 Bd4 38. Rxa3 Qf5 39. Kg2 Rb8 40. Ra2 Rb1
41. h3 Rg1+ 42. Kh2 Rh1+ 0-1

[Event "USCL New York vs San Francisco"]
[Site "Internet Chess Club"]
[Date "2009.09.30"]
[Round "5"]
[White "Herman, Matt"]
[Black "Naroditsky, Daniel"]
[Result "1-0"]
[WhiteElo "2275"]
[BlackElo "2371"]
[PlyCount "67"]
[EventDate "2009.??.??"]

1. e4 c5 2. Nf3 d6 3. d4 cxd4 4. Nxd4 Nf6 5. Nc3 a6 6. Bc4 e6 7. Bb3 b5 8. f3
Nbd7 9. Be3 Nc5 10. Qd2 Bb7 11. O-O-O Be7 12. g4 Nfd7 13. g5 Ne5 14. h4 O-O 15.
h5 b4 16. Nce2 a5 17. g6 a4 18. h6 Nxg6 19. Bd5 b3 20. Nc3 a3 21. cxb3 exd5 22.
hxg7 Re8 23. Qh2 Bh4 24. Nf5 dxe4 25. Rxd6 Nd7 26. f4 Re6 27. Bd4 axb2+ 28. Kb1
h5 29. Rxe6 fxe6 30. Nh6+ Kh7 31. g8=Q+ Qxg8 32. Nxg8 Rxg8 33. Rg1 Ndf8 34. f5
1-0

[Event "USCL New Jersey vs Chicago"]
[Site "Internet Chess Club"]
[Date "2009.09.30"]
[Round "5"]
[White "Benjamin, Joel"]
[Black "van de Mortel, Jan"]
[Result "1-0"]
[WhiteElo "2641"]
[BlackElo "2456"]
[PlyCount "69"]
[EventDate "2009.??.??"]

1. e4 c6 2. c4 d5 3. cxd5 cxd5 4. exd5 Nf6 5. Nc3 Nxd5 6. Bc4 Nb6 7. Bb3 Nc6 8.
Nf3 g6 9. d4 Bg7 10. d5 Na5 11. O-O O-O 12. Re1 Bg4 13. h3 Bxf3 14. Qxf3 Qd7
15. Bg5 Nxb3 16. axb3 Bxc3 17. bxc3 Qxd5 18. Qxd5 Nxd5 19. c4 f6 20. Bh6 Nb4
21. Rxe7 Rf7 22. Rae1 Rxe7 23. Rxe7 b6 24. Rg7+ Kh8 25. Rd7 Kg8 26. Bg7 f5 27.
Bc3 Nc6 28. Rc7 Nd8 29. Rg7+ Kf8 30. Rxh7 Nf7 31. Rg7 g5 32. Rg6 Rd8 33. Bb4+
Ke8 34. Re6+ Kd7 35. Re7+ 1-0

[Event "USCL New Jersey vs Chicago"]
[Site "Internet Chess Club"]
[Date "2009.09.30"]
[Round "5"]
[White "Rosen, Eric"]
[Black "Ng, Andrew"]
[Result "1-0"]
[WhiteElo "2164"]
[BlackElo "2182"]
[PlyCount "63"]
[EventDate "2009.??.??"]

1. e4 c5 2. Nc3 Nc6 3. Bb5 Nd4 4. Bc4 g6 5. Nge2 d6 6. Nxd4 cxd4 7. Qf3 e6 8.
Nb5 Bg7 9. Qa3 Be5 10. c3 dxc3 11. d4 cxb2 12. Bxb2 Bf4 13. g3 a6 14. gxf4 axb5
15. Qxa8 bxc4 16. Qa4+ Bd7 17. Qxc4 Nf6 18. Qd3 Nh5 19. Qd2 Qh4 20. Ba3 Nxf4
21. O-O-O O-O 22. Bxd6 Rc8+ 23. Kb1 Nh3 24. f3 Qh5 25. Rhf1 Bb5 26. Rc1 Rd8 27.
Rc5 Qh4 28. Bg3 Qe7 29. Rxb5 Qa3 30. Rb3 Qa6 31. Rc1 Ra8 32. Rbc3 1-0

[Event "USCL Philadelphia vs Queens"]
[Site "Internet Chess Club"]
[Date "2009.09.30"]
[Round "5"]
[White "Kudrin, Sergey"]
[Black "Stripunsky, Alex"]
[Result "0-1"]
[WhiteElo "2602"]
[BlackElo "2628"]
[PlyCount "100"]
[EventDate "2009.??.??"]

1. e4 c5 2. Nf3 e6 3. d4 cxd4 4. Nxd4 a6 5. Bd3 Bc5 6. Nb3 Be7 7. Qg4 Bf6 8.
Qg3 Nc6 9. N1d2 Nge7 10. Nc4 d5 11. e5 dxc4 12. exf6 gxf6 13. Bxc4 Rg8 14. Qh3
Qc7 15. Qxh7 Nb4 16. Bd3 Nxd3+ 17. Qxd3 Bd7 18. Be3 Bb5 19. Qh7 O-O-O 20. Nd4
Nf5 21. Nxf5 Rh8 22. Qg7 exf5 23. Qxf6 Rhe8 24. Qxf5+ Kb8 25. a4 Bc4 26. Rd1
Rc8 27. Rd7 Qc6 28. Rg1 Qxa4 29. Qf4+ Ka8 30. Qd4 Rxe3+ 31. fxe3 Qxc2 32. Qd2
Qb1+ 33. Kf2 Qf5+ 34. Ke1 Qb1+ 35. Kf2 Qf5+ 36. Ke1 Rc5 37. g4 Qf3 38. b4 Rc6
39. Qf2 Qe4 40. Qf4 Qc2 41. Rd2 Qc1+ 42. Rd1 Qc2 43. Qf2 Qb3 44. Qd2 Rd6 45.
Kf2 Rxd2+ 46. Rxd2 Qxb4 47. Rd8+ Ka7 48. Rgd1 Bb5 49. h3 Qb2+ 50. R8d2 Qe5 0-1

[Event "USCL Philadelphia vs Queens"]
[Site "Internet Chess Club"]
[Date "2009.09.30"]
[Round "5"]
[White "Smith, Shaun"]
[Black "Sivakumar, Kavinayan"]
[Result "0-1"]
[WhiteElo "2038"]
[BlackElo "2048"]
[PlyCount "114"]
[EventDate "2009.??.??"]

1. e4 c5 2. Nf3 e6 3. d4 cxd4 4. Nxd4 a6 5. Be2 b5 6. Be3 Bb7 7. Nd2 Nf6 8. Bd3
d6 9. O-O Be7 10. N4b3 O-O 11. f4 Nbd7 12. g4 g6 13. c3 d5 14. e5 Ne4 15. g5
Ndc5 16. Bc2 Na4 17. Qb1 Nxd2 18. Nxd2 Nb6 19. Bd3 Nc4 20. Bxc4 dxc4 21. Nf3
Bxf3 22. Rxf3 Qd5 23. Qd1 Rfd8 24. Qxd5 Rxd5 25. Kf2 Rad8 26. Ke2 Kf8 27. Rff1
Ke8 28. Rad1 b4 29. cxb4 Bxb4 30. Rxd5 exd5 31. Bd4 Be7 32. Rf3 Kf8 33. Rh3 Kg8
34. Rf3 Rb8 35. Kd2 a5 36. h4 h6 37. Kc2 a4 38. Rh3 h5 39. Rf3 Ra8 40. a3 Ra5
41. f5 gxf5 42. Rxf5 Bc5 43. Bc3 Ra6 44. e6 fxe6 45. Rf6 d4 46. Bd2 Rb6 47. Rh6
e5 48. Rxh5 Rg6 49. Ba5 e4 50. Bd8 Bf8 51. Bf6 Bg7 52. Be7 e3 53. Bb4 d3+ 54.
Kc1 Be5 55. Bc5 Bf4 56. Kd1 e2+ 57. Ke1 Re6 0-1

[Event "USCL New Jersey vs Chicago"]
[Site "Internet Chess Club"]
[Date "2009.09.30"]
[Round "5"]
[White "Young, Angelo"]
[Black "Molner, Mackenzie"]
[Result "1/2-1/2"]
[WhiteElo "2325"]
[BlackElo "2446"]
[PlyCount "68"]
[EventDate "2009.??.??"]

1. d4 Nf6 2. Nf3 e6 3. e3 b6 4. Bd3 Bb7 5. Nbd2 c5 6. c3 Be7 7. O-O Nc6 8. a3
a5 9. Re1 O-O 10. e4 d5 11. e5 Nd7 12. Qc2 h6 13. Qa4 Re8 14. Nf1 c4 15. Bb1 b5
16. Qc2 Nf8 17. Bf4 Ng6 18. Ng3 b4 19. Nh5 Ba6 20. g4 bxc3 21. bxc3 Rb8 22. a4
Rb3 23. Nd2 Rb6 24. Be3 Qb8 25. Ra2 Nb4 26. cxb4 axb4 27. Qd1 b3 28. Ra1 b2 29.
Ra2 c3 30. Nf3 Bc4 31. g5 Bb3 32. Qd3 Bc4 33. Qc2 Bb3 34. Qd3 Bc4 1/2-1/2

[Event "USCL Arizona vs Dallas"]
[Site "Internet Chess Club"]
[Date "2009.09.30"]
[Round "5"]
[White "Zorigt, Bayaraa"]
[Black "Adelberg, David"]
[Result "0-1"]
[WhiteElo "2270"]
[BlackElo "2160"]
[PlyCount "54"]
[EventDate "2009.??.??"]

1. e4 c5 2. Nf3 d6 3. d4 cxd4 4. Nxd4 Nf6 5. Nc3 a6 6. Bg5 e6 7. f3 Be7 8. Qd2
b5 9. h4 Bb7 10. g4 Nbd7 11. O-O-O O-O 12. Be3 Nb6 13. Bd3 Nfd7 14. Qf2 Rc8 15.
g5 Rxc3 16. bxc3 Qc7 17. Ne2 Na4 18. Rdg1 Ne5 19. Bd2 b4 20. c4 d5 21. Bf4 dxc4
22. Bxc4 Rc8 23. Bxe5 Qxe5 24. Bd3 Bc5 25. Qg3 Be3+ 26. Kd1 Qa1+ 27. Nc1 Nc3+
0-1

[Event "USCL New York vs San Francisco"]
[Site "Internet Chess Club"]
[Date "2009.09.30"]
[Round "5"]
[White "Kacheishvili, Giorgi"]
[Black "Friedel, Josh"]
[Result "1-0"]
[WhiteElo "2666"]
[BlackElo "2612"]
[PlyCount "109"]
[EventDate "2009.??.??"]

1. d4 Nf6 2. c4 e6 3. Nc3 Bb4 4. e3 b6 5. Nge2 Ba6 6. a3 Be7 7. Nf4 d5 8. cxd5
Bxf1 9. dxe6 Ba6 10. exf7+ Kxf7 11. e4 c5 12. e5 Nc6 13. exf6 Bxf6 14. Qb3+ c4
15. Qa4 Qe8+ 16. Be3 Na5 17. Qc2 Nb3 18. Rd1 Nxd4 19. Rxd4 Bxd4 20. Qf5+ Bf6
21. Qd5+ Kf8 22. O-O Rd8 23. Ne6+ Ke7 24. Nxd8 Qxd8 25. Bc5+ bxc5 26. Qxc5+ Kf7
27. Qxa7+ Qe7 28. Qxa6 Qe6 29. Qxe6+ Kxe6 30. Re1+ Kf5 31. Ne4 Bxb2 32. Nd6+
Kf6 33. Nxc4 Bd4 34. Re4 Bc5 35. a4 Ra8 36. Ne3 Rb8 37. g3 Rb2 38. Kg2 h5 39.
h4 g6 40. Kf3 Kf7 41. Re5 Bd4 42. Rd5 Rb4 43. Nc2 Rb3+ 44. Ke2 Bf6 45. Rb5 Rc3
46. Rb2 Bd8 47. Nb4 Ba5 48. Nd5 Ra3 49. Rb7+ Ke6 50. Nf4+ Kf6 51. Ra7 Ra2+ 52.
Kf1 Ra1+ 53. Kg2 Be1 54. Ra6+ Kf7 55. Nxg6 1-0

[Event "USCL New York vs San Francisco"]
[Site "Internet Chess Club"]
[Date "2009.09.30"]
[Round "5"]
[White "Liou, Yian"]
[Black "Norowitz, Yaacov"]
[Result "1/2-1/2"]
[WhiteElo "2149"]
[BlackElo "2354"]
[PlyCount "96"]
[EventDate "2009.??.??"]

1. e4 c6 2. d4 d5 3. Nd2 dxe4 4. Nxe4 Nf6 5. Nxf6+ gxf6 6. c3 Qd5 7. c4 Qe4+ 8.
Be3 e5 9. Ne2 Na6 10. Nc3 Qg6 11. a3 Bf5 12. d5 Nc5 13. Bxc5 Bxc5 14. Qf3 O-O
15. Be2 Rac8 16. g4 Bc2 17. h4 Bd4 18. Rc1 e4 19. Qf4 Bxc3+ 20. bxc3 Bd3 21. d6
Rcd8 22. Bxd3 exd3 23. Kd2 f5 24. gxf5 Qxd6 25. Rcg1+ Kh8 26. Qxd6 Rxd6 27. Rh3
Rfd8 28. Rgg3 Rf6 29. Rf3 Kg7 30. Rhg3+ Kf8 31. Rf4 c5 32. Rfg4 Rdd6 33. Rg8+
Ke7 34. Re3+ Kd7 35. Re5 Rh6 36. Rf8 Rxh4 37. Rxf7+ Kc6 38. Ree7 Rxc4 39. Rc7+
Kd5 40. Kxd3 b6 41. Rxh7 Rf4 42. Rhe7 b5 43. Rxa7 Rf3+ 44. Ke2 Rxc3 45. Rab7
Rxa3 46. Rxb5 Rf6 47. Rc7 Rc3 48. Kd2 Rc4 1/2-1/2

[Event "USCL Seattle vs Tennessee"]
[Site "Internet Chess Club"]
[Date "2009.09.30"]
[Round "5"]
[White "Justice, David"]
[Black "Sinanan, Joshua"]
[Result "0-1"]
[WhiteElo "2087"]
[BlackElo "2284"]
[PlyCount "56"]
[EventDate "2009.??.??"]

1. e4 c5 2. Nf3 e6 3. d4 cxd4 4. Nxd4 Nc6 5. Nc3 Qc7 6. g3 a6 7. Bg2 Nf6 8. O-O
Bc5 9. Nxc6 dxc6 10. Na4 Ba7 11. c4 b5 12. Nc3 bxc4 13. e5 Nd7 14. Qg4 O-O 15.
Bh6 Qxe5 16. Bxc6 Rb8 17. Bf4 Qc5 18. Bxb8 Bxb8 19. Bg2 Ne5 20. Qe2 f5 21. Rac1
f4 22. Be4 f3 23. Qc2 g6 24. b3 Qe7 25. Na4 Qg5 26. Nb6 Qg4 27. Bxf3 Nxf3+ 28.
Kg2 Bb7 0-1

[Event "USCL Seattle vs Tennessee"]
[Site "Internet Chess Club"]
[Date "2009.09.30"]
[Round "5"]
[White "Serper, Gregory"]
[Black "Ehlvest, Jaan"]
[Result "1/2-1/2"]
[WhiteElo "2592"]
[BlackElo "2697"]
[PlyCount "48"]
[EventDate "2009.??.??"]

1. d4 Nf6 2. c4 e6 3. Nc3 Bb4 4. e3 O-O 5. Bd3 d5 6. Nge2 c5 7. cxd5 cxd4 8.
exd4 Nxd5 9. O-O Nc6 10. Nxd5 exd5 11. Nf4 Bd6 12. a3 g6 13. Re1 Nxd4 14. Bxg6
Ne6 15. Nxe6 fxe6 16. Bxh7+ Kxh7 17. Qh5+ Kg8 18. Qg6+ Kh8 19. Qh6+ Kg8 20.
Qg6+ Kh8 21. Qh5+ Kg8 22. Qg4+ Kf7 23. Qh5+ Kg8 24. Qg6+ Kh8 1/2-1/2

[Event "USCL Arizona vs Dallas"]
[Site "Internet Chess Club"]
[Date "2009.09.30"]
[Round "5"]
[White "Adamson, Robby"]
[Black "Kiewra, Keaton"]
[Result "0-1"]
[WhiteElo "2354"]
[BlackElo "2365"]
[PlyCount "100"]
[EventDate "2009.??.??"]

1. e4 c5 2. Nf3 d6 3. d4 Nf6 4. Nc3 cxd4 5. Nxd4 g6 6. Be3 Bg7 7. f3 Nc6 8. Qd2
O-O 9. O-O-O Nxd4 10. Bxd4 Be6 11. Kb1 Qc7 12. Nd5 Bxd5 13. exd5 Rfc8 14. Rc1
Nd7 15. Bxg7 Kxg7 16. h4 h5 17. g4 Nf6 18. gxh5 Nxh5 19. Bh3 Rh8 20. Bg4 Qc4
21. Rce1 Qf4 22. Qc3+ Qf6 23. Qc7 Nf4 24. Qxe7 Rae8 25. Qc7 Qxh4 26. Qc3+ Qf6
27. Rxh8 Rxe1+ 28. Qxe1 Kxh8 29. Bc8 b6 30. Qe4 Kg7 31. a3 Ng2 32. c4 Qf4 33.
Qxf4 Nxf4 34. Kc2 Kf6 35. Kc3 Ke5 36. b4 f5 37. Bd7 g5 38. Bc8 Ng2 39. Kd3 Nh4
40. Ke2 f4 41. Ba6 Kd4 42. c5 bxc5 43. b5 c4 44. a4 Kxd5 45. Bc8 Kc5 46. Bd7
Kb4 47. Bc6 Nf5 48. Kd2 Ne3 49. a5 Kxa5 50. Kc3 Kb6 0-1

[Event "USCL Arizona vs Dallas"]
[Site "Internet Chess Club"]
[Date "2009.09.30"]
[Round "5"]
[White "Bercys, Salyijus"]
[Black "Barcenilla, Rogelio"]
[Result "1-0"]
[WhiteElo "2503"]
[BlackElo "2583"]
[PlyCount "77"]
[EventDate "2009.??.??"]

1. d4 g6 2. c4 Bg7 3. e4 c5 4. d5 d6 5. Nc3 Nf6 6. Bd3 O-O 7. h3 e6 8. Nf3 exd5
9. exd5 Re8+ 10. Be3 Bh6 11. O-O Bg7 12. Qd2 a6 13. Bh6 Bh8 14. Ng5 Nbd7 15. f4
Nh5 16. Kh2 Bd4 17. Rae1 Ndf6 18. Nf3 Rxe1 19. Rxe1 Bd7 20. Ne2 Qb6 21. Nexd4
cxd4 22. f5 Re8 23. Rxe8+ Nxe8 24. fxg6 hxg6 25. Qg5 Nhg7 26. Qe7 Qc7 27. Nxd4
Bc8 28. Qh4 Qb6 29. Bc1 Qc7 30. Bd2 Qd7 31. Bc3 Qc7 32. Nf3 Qd7 33. Ng5 Nh5 34.
g4 Nhf6 35. Ne4 Nh7 36. Ng5 Nhf6 37. Qf2 Qe7 38. Qd4 Kf8 39. Nh7+ 1-0

[Event "USCL Arizona vs Dallas"]
[Site "Internet Chess Club"]
[Date "2009.09.30"]
[Round "5"]
[White "Ramirez, Alejandro"]
[Black "Bartholomew, John"]
[Result "1-0"]
[WhiteElo "2601"]
[BlackElo "2499"]
[PlyCount "119"]
[EventDate "2009.??.??"]

1. d4 d5 2. c4 c6 3. Nf3 Nf6 4. Qc2 dxc4 5. Qxc4 Bg4 6. Nbd2 Nbd7 7. g3 e6 8.
Bg2 Be7 9. O-O O-O 10. e4 a5 11. Re1 a4 12. b4 axb3 13. Nxb3 Ra6 14. Ne5 Bh5
15. Nd3 Bg6 16. Bd2 Qa8 17. Qc2 h6 18. Bc3 Rd8 19. f3 Ra4 20. Kh1 Ne8 21. Bf1
Nc7 22. Nb2 Ra7 23. a4 Nd5 24. Bd2 Bb4 25. Bxb4 Nxb4 26. Qc3 Na6 27. Nc4 Nc7
28. Nc5 Nf6 29. Nb6 Qb8 30. Rab1 Ncd5 31. exd5 Bxb1 32. Rxb1 Nxd5 33. Nxd5 Rxd5
34. Bc4 Rd8 35. Ba6 b5 36. axb5 cxb5 37. Bxb5 Qd6 38. Rb4 Rc7 39. f4 Qd5+ 40.
Kg1 Qh5 41. Bf1 Ra8 42. Rb2 Qd1 43. Qd3 Qxd3 44. Bxd3 Rd8 45. Bb1 g5 46. Rb4
gxf4 47. gxf4 Ra7 48. Kf2 Kg7 49. Nd3 Rdd7 50. Nc5 Rd6 51. h4 Rd8 52. Ke3 Ra3+
53. Bd3 Ra1 54. Rb7 Rd6 55. Nd7 f5 56. Ne5+ Kg8 57. Nf7 Rc6 58. Nxh6+ Kf8 59.
Rf7+ Ke8 60. Bb5 1-0

[Event "USCL Seattle vs Tennessee"]
[Site "Internet Chess Club"]
[Date "2009.09.30"]
[Round "5"]
[White "Shabalov, Alex"]
[Black "Mikhailuk, Slava"]
[Result "0-1"]
[WhiteElo "2624"]
[BlackElo "2437"]
[PlyCount "108"]
[EventDate "2009.??.??"]

1. e4 c5 2. Nf3 Nc6 3. d4 cxd4 4. Nxd4 Nf6 5. Nc3 d6 6. Bg5 Bd7 7. Qd2 Rc8 8.
f4 Nxd4 9. Qxd4 Qa5 10. e5 dxe5 11. fxe5 e6 12. O-O-O Bc6 13. Nb5 Bxb5 14. exf6
Bc6 15. h4 g6 16. Bc4 Bc5 17. Qg4 h5 18. Qg3 Be4 19. Rhe1 Bf5 20. Rd5 Qb6 21.
Rxf5 gxf5 22. Bf4 Bd4 23. Bb3 Bxf6 24. c3 Ke7 25. Qd3 Qc5 26. g3 a5 27. Qf3 Qb5
28. Bc2 a4 29. a3 Rc6 30. Re2 Rd8 31. Be3 Qd5 32. Qxd5 Rxd5 33. Bxa4 Rc8 34.
Bf4 Ra5 35. Bd1 e5 36. Re1 Kd6 37. Bd2 Rg8 38. Rf1 Rxg3 39. Rxf5 Bxh4 40. Rxf7
Rg1 41. c4 Bg5 42. Rxb7 e4 43. Rb6+ Kc5 44. Bxg5 Rxg5 45. Re6 Kd4 46. Kd2 Rae5
47. Rd6+ Kxc4 48. Be2+ Kc5 49. Rh6 Kd4 50. Rd6+ Rd5 51. Re6 Rg3 52. a4 e3+ 53.
Kc2 Rg2 54. Kd1 Kc5+ 0-1

[Event "USCL Seattle vs Tennessee"]
[Site "Internet Chess Club"]
[Date "2009.09.30"]
[Round "5"]
[White "Rohonyan, Katerina"]
[Black "Bick, John"]
[Result "0-1"]
[WhiteElo "2331"]
[BlackElo "2260"]
[PlyCount "134"]
[EventDate "2009.??.??"]

1. Nf3 b5 2. e3 a6 3. d4 Bb7 4. Bd3 e6 5. Nbd2 c5 6. b3 cxd4 7. exd4 Bb4 8. O-O
Bc3 9. Rb1 d5 10. Re1 Qa5 11. Ng5 Nf6 12. a4 Nc6 13. b4 Qxa4 14. Rb3 Bxb4 15.
Bb2 Na5 16. Qe2 Nxb3 17. Nxe6 fxe6 18. Nxb3 O-O 19. Ra1 Bc8 20. f3 Rb8 21. Qe5
Bd7 22. g4 Rb6 23. Kg2 Bd6 24. Qe1 Rc8 25. Bc1 Bf8 26. Bd2 Ba3 27. g5 Ne8 28.
Bc1 b4 29. g6 hxg6 30. Bxg6 e5 31. Qg3 Rcc6 32. Bd3 e4 33. fxe4 Rg6 34. Bg5 Qc6
35. Nc5 Rxg5 36. Qxg5 Qg6 37. h4 Qxg5+ 38. hxg5 Bb5 39. Bxb5 Rxb5 40. exd5 Rb6
41. Kf3 Bb2 42. Rxa6 Rxa6 43. Nxa6 Bc3 44. Ke4 Kf7 45. Nc5 Nd6+ 46. Kd3 Nf5 47.
Ne6 Nd6 48. Nc5 Kg6 49. Ne6 Be1 50. Ke3 Nf7 51. Kf4 Bd2+ 52. Kg4 Nxg5 53. Nc7
Ne4 54. Kf3 Nd6 55. Ne6 Kf6 56. Nc5 Bc3 57. Ne6 Nf5 58. Ke4 g5 59. Kd3 Nd6 60.
Ke3 Kf5 61. Ng7+ Kg4 62. Ne6 Kh4 63. Kf3 Bd2 64. Ng7 g4+ 65. Kg2 Be3 66. Ne6
Nf5 67. Kf1 Nxd4 0-1